Quizzes
Events
Quiz Creation
Community
Videos
Private Events
Remove Ads
Sign In
Join for FREE
Feedback
Dark Mode
Quiz Categories
Sports
Geography
Music
Movies
Television
Just For Fun
Miscellaneous
History
Literature
Language
Science
Gaming
Entertainment
Religion
Holiday
For Kids
Quiz Lab
Recent
Popular Today
Quiz Kudos Today
Editor Picks
Curator Picks
Quizzes by...
Day
Popularity
Type
Ratings
Length
Year
Community
Subscriptions
Recent Discussions
Orange Saloon
Badges
Playlists
Quests
Create
Leaderboards
Showdown
Live 5
Trivia Bingo
Activity
Puzzle Library
Sporcle Events
Private Events
Virtual Trivia
Globe League
Become a Host
Pub Owners
SporcleCon
Opinionation
Our Games
Videos
Blog
Mobile Apps
Partnerships
Remove Ads and Go Orange
Feedback
Gaming
Video Games
Board Games
Card Games
Pokémon
Mario
Nintendo
Minecraft
Console
Toys
Legend of Zelda
Gaming
Video Games
Board Games
Card Games
Pokémon
Mario
Nintendo
Minecraft
Console
Toys
Legend of Zelda
Random Quiz
Search Sporcle
×
Curator Pick
Curator Pick
Gaming
Video Games
Type in answers that appear in a list
Type in answers that appear in a list
Classic
Best Score? Go Orange.
~Locations~ Pokemon Video Games Stats
Can you name the Pokemon Locations?
By
Lukearcade22
5m
16 Questions
643 Plays
643 Plays
643 Plays
Comments
Comments
Give Quiz Kudos
Give Quiz Kudos
-
- Ratings
hide this ad
More Info
Replay
Link that replays current quiz
Next Quiz
Link to next quiz in quiz playlist
You Got
0%
They Got
Avg Score
36%
Avg Friend Score
Upgrade to see
Score Distribution
Jump to the score distribution portion of the page
Score
0/16
Timer
05:00
0
Plays Today
#
Location
% Correct
A1)
Lavender Town
92.1%
D2)
Cinnabar Island
71.5%
B4)
Mt. Moon
60.3%
C4)
New Bark Town
59.3%
C3)
Mossdeep City
51.5%
A2)
Ecruteak City
50.1%
A3)
Mirage Island
46.3%
A4)
Veilstone City
38.3%
#
Location
% Correct
B1)
Anville Town
30.6%
C2)
Fuego Ironworks
30.6%
C1)
Aspertia City
25.7%
D3)
Granite Cave
19.4%
B2)
Thunder Meadow
4.7%
D4)
Beau Plains
3.9%
D1)
Frigid Cavern
2.2%
B3)
Arcane Area
1.7%
Quiz Playlist
Details
Report
Send in Message
Add To Playlist
More Info:
Can you name all 16 Pokemon locations?
Classic:
Type in answers that appear in a list
Last Updated: Mar 30, 2017
Curator Pick in
Pokémon
Quiz Scoreboard
CHALLENGE
Sign Up to Join the Scoreboard
Show All
Scores
Hide
Comments
May contain spoilers
Recently Published
One Thing in Common: World Cities II
by knightlancer
Geography
7m
Popular People in 1961
by mucciniale
History
6m
1-10 Letter E Words III
by El_Dandy
Language
2m
More to Explore
Quiz From the Vault
Featured Blog Post
Where Did the Easter Bunny Come From?
hide this ad
You Might Also Like...
Tags
Nintendo Quiz
Pokémon Quiz
Video Games Quiz
grid
Image Quiz
location
pikachu
Today's Top Quizzes in Gaming
Browse Gaming
hide this ad
Today's Top Quizzes in Video Games
Browse Video Games
Top Contributed Quizzes in Gaming
1
Destiny 2 exotic weapons by perk icons
2
Who's on the WWE 2K24 Cover?
3
Windmill: Pokémon
4
Overwatch 2 Heroes by Selection Quote
5
Overwatch 2: Ultimate Ability Icons
6
Genshin Impact Logic Puzzle
7
Genshin murder mystery
8
Legendary or Exotic?
9
Overwatch Logic Puzzle
10
Franchise by Action Figure
Explore More
Trending Topics
Kpop
Harry Potter
Disney
NBA
Anime
Marvel
Crossword
Country
Puzzle
Pokémon
Song
The Office
WWE
NFL
Soccer
hide this ad
More By:
Lukearcade22
Quiz
Plays
Rating
Category
Featured
Created
Xenoblade Chronicles - Areas
3,023
4.36
Gaming
Dec 20, 2011
-ZoomIn- Pokemon Video Game Covers
2,791
3.80
Gaming
Jan 15, 2013
General Gaming Trivia I
2,088
2.92
Gaming
Apr 4, 2012
Xenoblade Chronicles - Characters
2,038
3.60
Gaming
Dec 20, 2011
~Locations~ Pokemon Video Games
643
3.63
Gaming
Jan 12, 2013
Go to Creator's Profile
Score Distribution
Quiz Creator Spotlight
Lukearcade22
Follow
Send a Message
Quizzes Created
-
Created Quiz Play Count
-
More By This Creator
Popular Quizzes Today
1
Find the US States - No Outlines Minefield
2
Find the Countries of Europe - No Outlines Minefield
3
The Countries of the World
4
Popular People in 1961
5
1-10 Letter E Words III
6
Find the US States
7
One Thing in Common: World Cities II
8
US States
More Gaming Quizzes
Ruined By A Letter: Gaming
Published
Trending Quizzes
Risky Map Clicking: Least Populous States A-Z
1-10 Letter F Words
1-10 Letter G Words
One Thing in Common: United Kingdom
Risky Map Clicking: Biggest States A-Z
Recently Updated
Leaping Animals
pecheneg
Reality TV Shows (A-Z)
bhenderson79
Rickey Henderson's Hall of Fame Teammates
pecheneg
Champions League XIs: Arsenal
pecheneg
Quick Pick: Celebrities in WWE's Hall of Fame
aduchscher
A-Z Keypad Blitz II
pecheneg
Multiple Oscar Actors
pecheneg
Mystery Phrase Blitz: Oscar 'Best Actors'
pecheneg
F. Scott Fitzgerald Novels
LTH
Pick 3 Villains
ddd62291
Trending Topics
NBA
Kpop
Disney
Crossword
Harry Potter
Marvel
Anime
Song
Country
Puzzle
NFL
WWE
Soccer
Pokémon
The Office
Your Account Isn't Verified!
In order to create a playlist on Sporcle, you need to verify the email address you used during registration. Go to your
Sporcle Settings
to finish the process.
Report this User
Report this user for behavior that violates our
Community Guidelines
.
Details:
Send Report
Go to the Sporcle.com Mobile Site →
Comments